Catalog

Record Details

Catalog Search



Boleslavští bratři  Cover Image Book Book

Boleslavští bratři / Amedeo Molnár ; Úvod s obrazem Mladé Boleslavě v době husitské napsal F. M. Bartoš

Molnár, Amedeo (Author).

Record details

  • Physical Description: 260 s.
  • Edition: 1. vyd.
  • Publisher: Praha Komenského evangelická bohoslovecká fakulta 1952

Available copies

  • 2 of 2 copies available at Common Catalog SPOK.

Holds

  • 0 current holds with 2 total copies.
Show Only Available Copies
Location Call Number / Copy Notes Barcode Shelving Location Status Due Date
ETS Library 284.3 424470002465 Volný výběr Available -
ETS Library 284.3 424470010195 Volný výběr Available -

LDR 00746nam a2 00241
00134225
003CZ-PrJAB
00520030506000000.0
008030506s1952 xr e |||| |cze
009cz
035 . ‡a(CONS)970
035 . ‡aKPS3979
041 . ‡acze
08214. ‡a284.3
100 . ‡7458 ‡aMolnár, Amedeo
245 . ‡aBoleslavští bratři / ‡cAmedeo Molnár ; Úvod s obrazem Mladé Boleslavě v době husitské napsal F. M. Bartoš
250 . ‡a1. vyd.
260 . ‡aPraha ‡bKomenského evangelická bohoslovecká fakulta ‡c1952
300 . ‡a260 s.
653 . ‡aBoleslavští bratři
8524 . ‡bETS ‡bETS ‡cVolný výběr ‡j284.3 ‡gA ‡p424470010195
8524 . ‡bETS ‡bETS ‡cVolný výběr ‡j284.3 ‡gE ‡p424470002465
910 . ‡aABG450
999 . ‡a970 ‡bAUTOGEN ‡c970 ‡tbiblio
905 . ‡uadmin
901 . ‡a34225 ‡b ‡c34225 ‡tbiblio ‡sets

Additional Resources